LEADER 01789nam0-2200481---450- 001 990000409440203316 005 20050923100725.0 010 $a88-7988-460-3 020 $aIT$b95-7775 035 $a0040944 035 $aUSA010040944 035 $a(ALEPH)000040944USA01 035 $a0040944 100 $a20010420d1994----y0itay0103 ba 101 $aeng$afre$alat 102 $aIT 105 $a00||| 200 1 $aModern questions about medieval sermons$eessays on marriage, death, history and sanctity$fby Nicole Bériou and David L. D'Avray$gwith P. Cole, J. Riley-Smith, M. Tausche 210 $aSpoleto$cCentro italiano di studi sull'alto Medioevo$d1994 215 $aXI, 408 p.$d24 cm 225 2 $aBiblioteca di Medioevo latino$v11 410 0$12001$aBiblioteca di Medioevo latino$v11$171202$aSocietà internazionale per lo studio del Medioevo latino 606 $aPredicazione$zSec. 13. 606 $aSermoni$zSec. 13. 676 $a251.009022 700 1$aBERIOU,$bNicole$0416176 701 1$aD'AVRAY,$bDavid L.$0152601 801 0$aIT$bBNI$c19951121$gRICA 912 $a990000409440203316 951 $aII.2. 3663b (XI B COLL. 82/11 a)$b157503 L.M.$cXI B COLL.$d00073006 951 $aII.2. 3663 (XI B COLL. 82/11)$b124405 LM$cXI B COLL. 951 $aII.2. 3663a (XI B COLL. 82/11 bis)$b125418 LM$cXI B COLL. 959 $aBK 969 $aUMA 979 $aCHIARA$b40$c20010420$lUSA01$h1238 979 $aCHIARA$b40$c20010420$lUSA01$h1239 979 $aPATTY$b90$c20010516$lUSA01$h1729 979 $aPATTY$b90$c20010516$lUSA01$h1732 979 $c20020403$lUSA01$h1649 979 $aPATRY$b90$c20040406$lUSA01$h1628 979 $aCOPAT4$b90$c20050923$lUSA01$h1007 996 $aModern questions about medieval sermons$979833 997 $aUNISA LEADER 01219nam 2200361Ia 450 001 996387383403316 005 20221107224524.0 035 $a(CKB)1000000000630275 035 $a(EEBO)2240870487 035 $a(UnM)9929005000971 035 $a(UnM)99899859 035 $a(EXLCZ)991000000000630275 100 $a19981214d1650 uy | 101 0 $aeng 135 $aurbn||||a|bb| 200 12$aA grave and serious advice of the ministers of the Kirk of Scotland$b[electronic resource] $eto masters of families that they may govern according to the word of God 210 $a[S.l. $cs.n.$dca. 1650] 215 $a4 p 300 $aSigned at end: A. Ker.. 300 $aCaption title. 300 $aReproduction of original in the Folger Shakespeare Library, Washington, D.C.. 330 $aeebo-0055 606 $aWorship$vEarly works to 1800 607 $aGreat Britain$xChurch history$y17th century$vEarly works to 1800 615 0$aWorship 701 $aKer$b A$01001307 801 0$bCu-RivES 801 1$bCu-RivES 801 2$bWaOLN 906 $aBOOK 912 $a996387383403316 996 $aA grave and serious advice of the ministers of the Kirk of Scotland$92307656 997 $aUNISA